00280nam a2200109 a 450000500170000000800410001705000180005810000220007624500240009826000420012244000060016420140414131856.0100828s19uu xx 00 eng d aFILbIt4 2008 aVizcarra, Natasha aAng itim ng kuting. aManila, Philippines :bAdarna,c2008. a